000 00447nam a2200181Ia 4500
008 090124s9999 xx 000 0 und d
082 _b130285
100 _aपोतदार मधू
245 _a कुबेर
250 _a1
260 _c2001
300 _a248
600 _aपोतदार मधू
630 _a कुबेर
700 _aपोतदार मधू
730 _a कुबेर
942 _cBOOK
999 _c176374
_d176374